000
00340nam a22001457a 4500
008
221216b ||||| |||| 00| 0 eng d
020
_a
9780323009683
041
_a
eng
080
_2
NINTH EDITION
_a
610.73
082
_a
610.73BER
100
_a
9
101
_a
INFE
245
_a
OPERATING ROOM TECHNIQUE
_c
BERRY&KOHN'S
942
_2
udc
_c
BK
999
_c
59192
_d
59192